Reworded Familiar Songs Quiz Stats

Quiz Updated Feb 16, 2012

Challenge
Share
Tweet
Embed
Score 0/32 Timer 10:00
1 Play Today
Reworded Song Song Title % Correct
Teeny tiny arachnid Itsy Bitsy Spider
92.5%
Joyful anniversary of being bornHappy Birthday
89.2%
United States the GorgeousAmerica the Beautiful
85.1%
Sparkle, sparkle, small self-luminous celestial bodyTwinkle, Twinkle Little Star
83.7%
Above and across the arc of spectral colorsOver the Rainbow
81.8%
If you’re joyful and you’re aware of itIf You're Happy and You Know It
77.8%
When you express a desire using a self-luminous celestial bodyWhen You Wish Upon a Star
75.6%
I forgot my blood-pumping organ near the Golden Gate BridgeI Left My Heart in San Francisco
72.4%
I've been laboring on the locomotive tracksI've Been Working On the Railroad
72.4%
Malibu femalesCalifornia Girls
72.3%
Sway gently, infantRock-a-Bye Baby
71%
River Thames span is ceasing to stay upLondon Bridge is Falling Down
69.4%
That girl will be arriving from the other side of the highland peakShe'll Be Coming Round the Mountain
68%
Do you put faith in wizardry?Do You Believe in Magic?
67.4%
For that man’s a happy decent guyFor He's a Jolly Good Fellow
62.5%
Escort me to the competition played with spherical objectsTake Me Out to the Ball Game
61.6%
Reworded Song Song Title % Correct
Hi, toy representation of a baby!Hello, Dolly!
61.5%
Elderly Scotsman owned an agricultural land areaOld MacDonald Had a Farm
59.2%
Residence on the open land for livestockHome on the Range
58.6%
You are a great aged bannerYou're a Grand Old Flag
53.3%
My father’s father’s timepieceMy Grandfather's Clock
51.3%
Acclaim to the leaderHail to the Chief
50.9%
Inebriated SeafarerDrunken Sailor
50.9%
Dawn, Dusk Sunrise, Sunset
50.8%
Don a gleeful countenancePut On a Happy Face
44.5%
The ermine moves by poking out suddenlyPop! Goes the Weasel!
44%
The auditory effect of melodious tonesThe Sound of Music
43.1%
Below in the low landDown in the Valley
38.9%
Similar to a devotional petitionLike a Prayer
38%
Undomesticated azure far-off areaWild Blue Yonder
32.6%
Awesome divine love and protectionAmazing Grace
29.7%
The hopeless fantasyThe Impossible Dream
24.6%

You're not logged in!

Compare scores with friends on all Sporcle quizzes.
Join for Free
OR
Log In

You Might Also Like...

Show Comments

Extras

Top Quizzes Today


Score Distribution

Your Account Isn't Verified!

In order to create a playlist on Sporcle, you need to verify the email address you used during registration. Go to your Sporcle Settings to finish the process.

Report this User

Report this user for behavior that violates our Community Guidelines.

Details: